[Event "Budapest Herbstlich"]
[Site "Budapest"]
[Date "1990.??.??"]
[Round "12"]
[White "Fominyh, Alexander"]
[Black "Muse, Mladen"]
[Result "1-0"]
[WhiteElo "2530"]
[BlackElo "2430"]

1.d4 Nf6 2.Nf3 g6 3.c4 Bg7 4.g3 O-O 5.Bg2 d6 6.O-O Nc6 7.Nc3 a6 8.h3 Rb8
9.e4 Nd7 10.Be3 b5 11.cxb5 axb5 12.Qc1 Na5 13.b4 Nc4 14.Bh6 c6 15.Bxg7 Kxg7
16.d5 cxd5 17.exd5 Qb6 18.Rd1 Nf6 19.Qf4 Bd7 20.Ne4 Ra8 21.Nxf6 exf6 22.a4 g5
23.Qe4 Rfe8 24.Qc2 Rac8 25.a5 Qa7 26.Qd3 Nb2 27.Qd4 Qxd4 28.Rxd4 Rc3 29.Nd2 f5
30.h4 h6 31.hxg5 hxg5 32.g4 Nd3 33.gxf5 Nc1 34.f6+ Kg6 35.Ne4 Ne2+ 36.Kf1 Nxd4
37.Nxc3 Bf5 38.Kg1 Nc2 39.Rb1 Nd4 40.Rd1 Nc2 41.Nxb5 Rd8 42.a6 Nxb4 43.a7 Ra8
44.Ra1 Nc2 45.Ra5  1-0

[Event "Budapest IM-A"]
[Site "Budapest"]
[Date "1990.??.??"]
[Round "13"]
[White "Busch, Klaus"]
[Black "Gueldner, Kurt"]
[Result "1-0"]
[WhiteElo "2305"]
[BlackElo "2290"]

1.Nf3 Nf6 2.c4 g6 3.d4 Bg7 4.g3 O-O 5.Bg2 d6 6.Nc3 Nbd7 7.O-O e5 8.e4 c6
9.Rb1 a5 10.h3 Re8 11.Re1 Qe7 12.b3 exd4 13.Nxd4 Nc5 14.Bf4 Nfd7 15.Be3 Ne5
16.Qc2 h5 17.Rbd1 Qc7 18.f4 Ned7 19.Bf2 Qb6 20.Rb1 Qc7 21.a3 Nf8 22.b4 axb4
23.axb4 Nce6 24.Nde2 Nd7 25.Red1 Nb6 26.Qb3 Nd7 27.Rbc1 Bh6 28.Be3 Kh7 29.Qc2 Nb6
30.Qb3 Nd7 31.Rc2 Bf8 32.Bf2 g5 33.f5 Ng7 34.c5 Ne5 35.cxd6 Qd7 36.Na4 Rb8
37.Nb6 Qd8 38.Rcd2 Nd7 39.Nc4 b5 40.Na5 Ne5 41.Bc5 Bd7 42.Nd4 Qf6 43.Nf3 Nxf3+
44.Bxf3 g4 45.hxg4 hxg4 46.Bd4 Qxd6 47.Qxf7 Qxg3+ 48.Rg2 Re7 49.Qg6+  1-0

[Event "Buenos Aires op"]
[Site "Buenos Aires"]
[Date "1990.??.??"]
[Round "5"]
[White "Fiorito, Fabian"]
[Black "Sorin, Ariel"]
[Result "1-0"]
[WhiteElo "2350"]
[BlackElo "2430"]

1.d4 Nf6 2.Nf3 g6 3.c4 Bg7 4.g3 O-O 5.Bg2 d6 6.O-O c6 7.Nc3 Bf5 8.Nh4 Be6
9.d5 cxd5 10.cxd5 Bd7 11.h3 a5 12.Nf3 a4 13.a3 Na6 14.e4 Nc5 15.Nd4 Qb6 16.Re1 Ne8
17.Rb1 Nd3 18.Qxd3 Bxd4 19.Be3 Bxe3 20.Rxe3 f6 21.h4 Nc7 22.Bf1 Ra5 23.Qd2 Bb5
24.Kg2 Bxf1+ 25.Rxf1 Nb5 26.Ne2 Raa8 27.Nf4 Rfc8 28.h5 g5 29.Ne6 Rc4 30.Qe2 Rac8
31.Qg4 Nd4 32.Rd1 Nxe6 33.Qxe6+ Kf8 34.e5 Qd8 35.exf6 exf6 36.Rf3 Kg7 37.h6+ Kh8
38.Rxf6 Re4 39.Qxd6 Qxd6 40.Rxd6 Rce8 41.Rc1 Rf8 42.Rf6 Rd8 43.Rc7 Ree8 44.Rff7  1-0

[Event "Cannes op2"]
[Site "Cannes"]
[Date "1990.??.??"]
[Round "?"]
[White "Velikov, Petar"]
[Black "Gazik, Igor"]
[Result "0-1"]
[WhiteElo "2495"]
[BlackElo "2330"]

1.Nf3 g6 2.g3 Bg7 3.d4 Nf6 4.Bg2 O-O 5.c4 d6 6.O-O Nbd7 7.Nc3 e5 8.Qc2 Re8
9.Rd1 c6 10.b3 e4 11.Ng5 e3 12.f4 h6 13.Nf3 Ng4 14.Rf1 Ndf6 15.Bb2 Bf5 16.Qc1 Nf2
17.Nd1 Nxd1 18.Qxd1 Qd7 19.b4 Ne4 20.a4 Bh3 21.Ra3 Nf2 22.Qc1 Bxg2 23.Kxg2 Qh3+
24.Kg1 Ng4 25.d5 Bxb2 26.Qxb2 Re4 27.dxc6 bxc6 28.Rd3 g5 29.Rd4 Rae8 30.fxg5 hxg5
31.Rfd1 Rxd4 32.Rxd4 Re6 33.Qc1 Nxh2 34.Nxh2 Rh6 35.Qxe3 Qxh2+ 36.Kf1 Qh1+  0-1

[Event "Cannes op2"]
[Site "Cannes"]
[Date "1990.??.??"]
[Round "?"]
[White "Spiridonov, Nikola"]
[Black "Ortel, Endre"]
[Result "1-0"]
[WhiteElo "2405"]
[BlackElo "2290"]

1.Nf3 g6 2.g3 Bg7 3.d4 Nf6 4.Bg2 O-O 5.c4 d6 6.O-O Nbd7 7.Nc3 e5 8.Qc2 Re8
9.Rd1 c6 10.b3 e4 11.Ng5 e3 12.f4 h6 13.Nf3 Ng4 14.Rf1 Ndf6 15.Bb2 Bf5 16.Qc1  1-0

[Event "Cannes op"]
[Site "Cannes"]
[Date "1990.??.??"]
[Round "1"]
[White "Garabedian, Vahakn"]
[Black "Fernandez, Juan Luis"]
[Result "1-0"]
[WhiteElo "2140"]
[BlackElo "2375"]

1.d4 Nf6 2.c4 g6 3.Nf3 Bg7 4.g3 O-O 5.Bg2 d6 6.O-O Nbd7 7.Nc3 e5 8.dxe5 dxe5
9.h3 c6 10.Be3 Qe7 11.Qc2 Ne8 12.Rad1 f5 13.a3 a5 14.Na4 Nc7 15.Qc1 Ne6 16.Ne1 f4
17.Bb6 fxg3 18.Qe3 gxf2+ 19.Rxf2 Rxf2 20.Qxf2 Nf4 21.Nd3 Nxg2 22.Qxg2 Ra6
23.c5 Nf8 24.Nf2 Be6 25.Bd8 Qe8 26.Nb6 Nd7 27.Bc7 Qe7 28.Ne4 Nxb6 29.Rd8+ Bf8
30.cxb6 Bd5 31.Qg4 Bxe4 32.Qxe4 Qg5+ 33.Kh2 Kf7 34.Qc4+ Kg7 35.Qe4 Bc5 36.Bxe5+ Kf7
37.Rd7+ Kf8  1-0

[Event "Cannes op"]
[Site "Cannes"]
[Date "1990.??.??"]
[Round "1"]
[White "Kirov, Nino"]
[Black "Ouechtati, Mohamed"]
[Result "1-0"]
[WhiteElo "2445"]
[BlackElo "2250"]

1.Nf3 Nf6 2.g3 g6 3.Bg2 Bg7 4.c4 d6 5.d4 O-O 6.O-O c6 7.h3 Re8 8.Nc3 Nbd7
9.e4 e5 10.Be3 Qc7 11.Qc2 Nf8 12.Rfd1 Be6 13.b3 Rad8 14.Rd2 Bc8 15.Rad1 Nh5
16.dxe5 dxe5 17.Rxd8 Rxd8 18.Rxd8 Qxd8 19.Bxa7 b6 20.c5 b5 21.Bb6 Qe7 22.a4 bxa4
23.bxa4 Ne6 24.Na2 Bf8 25.Nb4 Bb7 26.Nd3 f6 27.Qc4 Kh8 28.a5 Nhg7 29.a6 Ba8
30.h4 Ne8 31.Bh3 N8c7 32.Qb3 Kg7 33.Bxc7 Nxc7 34.Qb8 h6 35.a7 f5 36.Nfxe5 fxe4
37.Nf4 Qxe5 38.Qxf8+ Kxf8 39.Nxg6+ Kg7 40.Nxe5 Nb5 41.Bg2 Nxa7 42.Bxe4 Bb7
43.f4  1-0

[Event "Cannes op"]
[Site "Cannes"]
[Date "1990.??.??"]
[Round "6"]
[White "Garabedian, Vahakn"]
[Black "Benlolo, Alain"]
[Result "1-0"]
[WhiteElo "2140"]
[BlackElo "2010"]

1.d4 Nf6 2.c4 g6 3.Nf3 Bg7 4.g3 O-O 5.Bg2 d6 6.O-O c5 7.Nc3 Nc6 8.d5 Na5
9.Nd2 a6 10.Qc2 Rb8 11.Rb1 b5 12.cxb5 axb5 13.b3 e6 14.dxe6 Bxe6 15.Bb2 d5
16.Rbd1 Qb6 17.e3 Nc6 18.Nf3 h6 19.a3 Rfd8 20.Ne2 b4 21.Rc1 Ne4 22.Bxg7 Kxg7
23.a4 Kh7 24.Nh4 Na5 25.Nf4 Rg8 26.Rfd1 Rbd8 27.Nxe6 Qxe6 28.Nf3 Nc3 29.Rd3 Nxb3
30.Rxc3 Nxc1 31.Rxc5 b3 32.Qxc1 Qf6 33.Nd4 Qa6 34.a5 Rb8 35.Qb2 Qd3 36.Bxd5 Rgd8
37.Bxf7  1-0

[Event "JUG-chT Cetinje"]
[Site "Cetinje"]
[Date "1990.??.??"]
[Round "5"]
[White "Ilic, Zoran"]
[Black "Cigan, Stefan"]
[Result "1-0"]
[WhiteElo "2375"]
[BlackElo "2400"]

1.d4 Nf6 2.Nf3 g6 3.c4 Bg7 4.g3 O-O 5.Bg2 d6 6.O-O c5 7.d5 e5 8.dxe6 Bxe6
9.Ng5 Bxc4 10.Bxb7 Nbd7 11.Na3 Nb6 12.Bxa8 Qxa8 13.Nxc4 Nxc4 14.Qc2 Ne5 15.Bf4 Nd5
16.Bxe5 Bxe5 17.Rad1 Nb4 18.Qc4 Nc6 19.Nf3 Nd4 20.Nxd4 Bxd4 21.b3 Rd8 22.e3 Bg7
23.Rd5 Bf8 24.Rfd1 Re8 25.h4 Qc8 26.Kg2 Qc6 27.Qg4 Re5 28.Qf3 Re8 29.Rc1 a5
30.Rc4 Qc7 31.Qd1 Rb8 32.Qd3 Rb4 33.Kg1 Qb7 34.e4 Qb8 35.h5 Qe8 36.Qe3 Qe6
37.Qd3 Qf6 38.Kg2 Qa1 39.e5 dxe5 40.Rd8 e4 41.Qd6  1-0

[Event "Chartres op"]
[Site "Chartres"]
[Date "1990.??.??"]
[Round "2"]
[White "Rubene, Ilze"]
[Black "Magerramov, Elmar"]
[Result "1/2-1/2"]
[WhiteElo "2130"]
[BlackElo "2500"]

1.d4 Nf6 2.Nf3 g6 3.g3 Bg7 4.Bg2 O-O 5.c4 d6 6.Nc3 Nbd7 7.O-O e5 8.e4 c6
9.h3 Qa5 10.Qc2 b5 11.dxe5 dxe5 12.cxb5 cxb5 13.Be3 Bb7 14.a3 Rac8 15.Nd2 a6
16.b4 Qc7 17.Rac1 Nb6 18.Qb1 Qd8 19.Rfd1 Nfd7 20.Bf1 f5 21.Nb3 Qf6 22.Nc5 Nxc5
23.Bxc5 Rfd8 24.Qa2+ Kh8 25.Bg2 f4 26.g4 Nc4 27.Bf1 h5 28.Bxc4 bxc4 29.f3 Rd3
30.Rxd3 cxd3 31.Rd1 Rd8 32.Qf2 Qe6 33.gxh5 gxh5 34.Qh4 Qg6+ 35.Kh1 Bf6 36.Qf2 Qf7
37.Rd2 Qd7 38.Kh2 Rg8 39.Qf1 Rg3 40.Rxd3 Qg7 41.Ne2 Bxe4 42.Rc3 Bb7 43.Nxg3 fxg3+
44.Kg1 e4 45.Re3 exf3 46.Re8+ Kh7 47.Qd3+ Qg6 48.Qxg6+ Kxg6 49.Rg8+ Kf7 50.Rxg3 Bh4
51.Kf2 Bxg3+  1/2-1/2

[Event "Chartres op"]
[Site "Chartres"]
[Date "1990.??.??"]
[Round "6"]
[White "Kinsman, Andrew PH"]
[Black "Strikovic, Aleksa"]
[Result "0-1"]
[WhiteElo "2340"]
[BlackElo "2465"]

1.d4 Nf6 2.Nf3 g6 3.c4 Bg7 4.g3 O-O 5.Bg2 d6 6.O-O Nbd7 7.Qc2 e5 8.Rd1 Re8
9.Nc3 h6 10.e4 c6 11.Rb1 exd4 12.Nxd4 Qe7 13.b3 Nc5 14.f3 Nfd7 15.h3 a5 16.a3 h5
17.Be3 f5 18.b4 axb4 19.axb4 Ne6 20.Qb3 Nf6 21.c5 dxc5 22.bxc5 fxe4 23.Nxe4 Nxe4
24.fxe4 Rd8 25.Nf5 Rxd1+ 26.Rxd1 gxf5 27.exf5 Qf7 28.fxe6 Bxe6 29.Qd3 Re8
30.Bf4 h4 31.Re1 Rf8 32.Qd6 Bd5 33.Bxd5 cxd5 34.Re7 Bd4+ 35.Kg2 Qf5 36.Qe6+ Qxe6
37.Rxe6 Bxc5 38.Bd6 Rf2+ 39.Kh1 b6 40.gxh4 Kf7 41.Bxc5 bxc5 42.Rc6 c4 43.h5 Rf6
44.Rc8 Ke7 45.Kg2 Kd7 46.Rc5 Kd6 47.Rc8 Rh6  0-1

[Event "Cheliabinsk-A"]
[Site "Cheliabinsk"]
[Date "1990.??.??"]
[Round "?"]
[White "Makarov, Marat"]
[Black "Magerramov, Elmar"]
[Result "1/2-1/2"]
[WhiteElo "2480"]
[BlackElo "2500"]

1.Nf3 Nf6 2.c4 g6 3.d4 Bg7 4.g3 O-O 5.Bg2 d6 6.O-O Nbd7 7.Qc2 e5 8.Rd1 Re8
9.Nc3 c6 10.e4 Qe7 11.b3 exd4 12.Nxd4 Nc5 13.f3 a5 14.Be3 d5 15.cxd5 cxd5
16.Bg5 dxe4 17.Nd5 Nxd5 18.Bxe7 Nd3 19.Bc5 b6 20.fxe4 N5b4 21.Bxb4 Bxd4+
22.Kh1 Nf2+ 23.Qxf2  1/2-1/2

[Event "Copenhagen op"]
[Site "Copenhagen"]
[Date "1990.??.??"]
[Round "2"]
[White "Kochyev, Alexander"]
[Black "Dannevig, Oystein"]
[Result "1-0"]
[WhiteElo "2450"]
[BlackElo "2245"]

1.d4 Nf6 2.Nf3 g6 3.c4 Bg7 4.g3 O-O 5.Bg2 d6 6.O-O Nbd7 7.Nc3 e5 8.e4 c6
9.Rb1 Re8 10.h3 a5 11.Re1 exd4 12.Nxd4 a4 13.Bf4 Ne5 14.b3 axb3 15.axb3 Qa5
16.Qc2 h6 17.Bd2 Nh7 18.Nce2 Qc7 19.Be3 Nd7 20.f4 Nc5 21.Bf2 Nf8 22.Nc3 Bd7
23.b4 Nce6 24.Nde2 Ra3 25.Red1 Rea8 26.Rd3 Bf6 27.Qd2 Be7 28.Kh2 Kh7 29.Rd1 Bc8
30.f5 Ng7 31.Qf4 gxf5 32.exf5 Bxf5 33.Be4 Bxe4 34.Nxe4 Rxd3 35.Rxd3 f5 36.N4c3 Ng6
37.Qd2 Ne5 38.Bd4 Nxd3 39.Qxd3 Bg5 40.h4 Be7 41.Nf4 Qd7 42.Nce2 Rf8 43.Bxg7 Kxg7
44.Nd4 Rf7 45.g4 fxg4 46.Qg6+ Kf8 47.Nfe6+ Ke8 48.Ng7+ Kd8 49.Qxf7 Bxh4 50.Qf8+ Kc7
51.Nge6+ Kb6 52.Qa8  1-0

[Event "Obro-B"]
[Site "Copenhagen"]
[Date "1990.??.??"]
[Round "4"]
[White "Schwartzman, Gabriel"]
[Black "Jarzynski, Andrzej"]
[Result "0-1"]
[WhiteElo "2285"]
[BlackElo "2325"]

1.c4 Nf6 2.Nf3 d6 3.g3 g6 4.Bg2 Bg7 5.d4 O-O 6.O-O Nbd7 7.Nc3 c6 8.h3 e5
9.e4 Re8 10.Re1 exd4 11.Nxd4 a5 12.Qc2 Nc5 13.Be3 Nfd7 14.Rad1 Qc7 15.f4 a4
16.Bf2 Qa5 17.Nb1 Nf6 18.Nc3 Ne6 19.Nf3 a3 20.Rxd6 axb2 21.e5 Bf8 22.Rdd1 Bb4
23.Re3 Bxc3 24.Rxc3 Ne4 25.Rb3 Nxf2 26.Qxf2 Nc5 27.Rxb2 Ne4 28.Qe1 Qxe1+
29.Nxe1 Nxg3 30.Kf2 Nh5 31.Kf3 Ra4 32.Bf1 b5 33.Nc2 bxc4 34.Rd4 Be6 35.Ne3 c5
36.Re4 Rd8 37.Bxc4 Bxc4 38.Nxc4 Rd3+ 39.Kg2 Rd4 40.Rxd4 cxd4 41.Nb6 Ra3 42.Nd5 Kg7
43.Rd2 Ra5 44.Nc7 Nxf4+ 45.Kf3 Nxh3 46.Kg4 Ra3 47.Rxd4 h5+ 48.Kh4 Kh6  0-1

[Event "Dresden (Women)"]
[Site "Dresden"]
[Date "1990.??.??"]
[Round "?"]
[White "Heinatz, Gundula"]
[Black "Goehler, Antje"]
[Result "1-0"]
[WhiteElo "2195"]
[BlackElo "2170"]

1.Nf3 Nf6 2.d4 g6 3.c4 Bg7 4.g3 O-O 5.Bg2 d6 6.O-O Nc6 7.d5 Na5 8.Qa4 c5
9.dxc6 Nxc6 10.Nc3 Bd7 11.Qc2 Rc8 12.b3 Bf5 13.Qd2 Ne4 14.Nxe4 Bxa1 15.Nc3 Qa5
16.Bb2 Bxb2 17.Qxb2 Be6 18.Rd1 a6 19.h4 b5 20.cxb5 axb5 21.Ng5 Bg4 22.Nd5 f6
23.Ne4 Be6 24.Nxe7+ Nxe7 25.Nxf6+ Kf7 26.Nxh7 Qc3 27.Ng5+ Ke8 28.Qxc3 Rxc3
29.Nxe6 Rf6 30.Ng5 d5 31.Bxd5 Nxd5 32.Rxd5 Rc1+ 33.Kg2 Rc2 34.Re5+ Kd7 35.a4 bxa4
36.bxa4 Ra2 37.a5 Kd6 38.Re3 Kd7 39.Ne4 Rc6 40.g4 Rxa5 41.f4 Ke6 42.Ng3+ Kf6
43.Kf3 Ra4 44.h5 Rcc4 45.g5+ Kf7 46.hxg6+ Kxg6 47.Re6+ Kf7 48.Rf6+ Kg8 49.g6 Kg7
50.Nh5+  1-0

[Event "Eger op"]
[Site "Eger"]
[Date "1990.??.??"]
[Round "?"]
[White "Seres, Lajos"]
[Black "Schneider, Attila"]
[Result "0-1"]
[WhiteElo "2400"]
[BlackElo "2425"]

1.d4 Nf6 2.Nf3 g6 3.c4 Bg7 4.g3 O-O 5.Bg2 d6 6.Nc3 Nc6 7.O-O a6 8.h3 Rb8
9.e4 b5 10.e5 Ne8 11.cxb5 axb5 12.Ng5 Na5 13.Qe2 h6 14.Nf3 c6 15.b4 Nc4 16.a4 Bd7
17.Rd1 Nc7 18.g4 Be6 19.a5 Nd5 20.Nxd5 Bxd5 21.Bf4 g5 22.Bg3 Qd7 23.Nd2 Qe6
24.Bxd5 Qxd5 25.Nxc4 bxc4 26.exd6 exd6 27.Qe7 Rbd8 28.Rac1 Rfe8 29.Qc7 Bxd4
30.a6 c5 31.bxc5 dxc5 32.Qb7 c3 33.Qxd5 Rxd5 34.a7 Ra8 35.Bb8 Rd8 36.Kg2 Rdxb8
37.axb8=Q+ Rxb8 38.Rc2 Kf8 39.Kf3 Rb6 40.Ke4 Re6+  0-1

[Event "Eger op"]
[Site "Eger"]
[Date "1990.??.??"]
[Round "?"]
[White "Herpai, Jozsef"]
[Black "Meszaros, Andras"]
[Result "0-1"]
[WhiteElo "2320"]
[BlackElo "2355"]

1.d4 Nf6 2.c4 g6 3.g3 Bg7 4.Bg2 O-O 5.Nf3 d6 6.O-O Nbd7 7.Nc3 e5 8.e4 exd4
9.Nxd4 Nc5 10.h3 Re8 11.Re1 Bd7 12.b4 Ne6 13.Be3 h6 14.Qd2 a5 15.a3 Kh7 16.Nb3 axb4
17.axb4 Rxa1 18.Nxa1 Qc8 19.Kh2 Ng5 20.Bxg5 hxg5 21.Nc2 Rh8 22.Rh1 Kg8 23.Kg1 Bxh3
24.Qxg5 Bxg2 25.Rxh8+ Bxh8 26.Kxg2 Nh7 27.Qe7 Bxc3  0-1

[Event "Ermua"]
[Site "Ermua"]
[Date "1990.??.??"]
[Round "1"]
[White "Cruz Lopez Claret, Carlos"]
[Black "Pastor Pons, Carlos"]
[Result "1/2-1/2"]
[WhiteElo "2295"]
[BlackElo "2260"]

1.d4 d6 2.c4 g6 3.g3 Bg7 4.Bg2 Nf6 5.Nf3 O-O 6.O-O c6 7.Nc3 Qc7 8.h3 Nbd7
9.e4 e5 10.Be3 h6 11.Ne1 b6 12.Kh2 Ba6 13.b3 Rfe8 14.Rc1 exd4 15.Bxd4 Nc5
16.f3 Rad8 17.Rf2 h5 18.Rd2  1/2-1/2

[Event "AUT-ch sf"]
[Site "Finkenstein"]
[Date "1990.??.??"]
[Round "?"]
[White "Ivancsics, Michael"]
[Black "Schuh, Franz"]
[Result "1-0"]
[WhiteElo "2230"]
[BlackElo "2300"]

1.d4 Nf6 2.c4 g6 3.g3 Bg7 4.Bg2 O-O 5.Nf3 d6 6.O-O Nbd7 7.Nc3 c6 8.h3 e5
9.e4 Qe7 10.Re1 exd4 11.Nxd4 Nc5 12.Bf4 Rd8 13.Qc2 Nh5 14.Be3 a5 15.Rad1 Be6
16.b3 Rac8 17.g4 Nf6 18.f4 h6 19.Nde2 Nh7 20.Ng3 g5 21.Rf1 gxf4 22.Bxf4 Be5
23.Qd2 Qh4 24.Nh5 Bxf4 25.Qxf4 Qg5 26.Rxd6 Qxf4 27.Rxd8+ Rxd8 28.Nxf4 Rd2
29.Rf2 Rd8 30.Rc2 Nf6 31.e5 Ne8 32.Ne4 Nxe4 33.Bxe4 Rd4 34.Re2 Nc7 35.Kf2 Kf8
36.Ke3 Rd1 37.Rd2 Rxd2 38.Kxd2 Ke7 39.Ke3 Na6 40.Kd4 Bd7 41.Nd3 b6 42.c5 b5
43.a3 Nc7 44.Nf4 Na6 45.Bd3 Be6 46.Nxe6 Kxe6 47.Be4 b4 48.a4 Nb8 49.h4 Ke7
50.Bf5 Na6 51.Bd3 Nb8 52.Be4 Ke6 53.Bf5+ Ke7 54.Bc8 Kd8 55.g5 hxg5 56.h5 Ke7
57.Ke4 g4 58.Kf4 f5 59.exf6+ Kxf6 60.Kxg4  1-0

[Event "Arnold Cup"]
[Site "Gausdal"]
[Date "1990.??.??"]
[Round "7"]
[White "Kinsman, Andrew PH"]
[Black "Westerinen, Heikki MJ"]
[Result "0-1"]
[WhiteElo "2340"]
[BlackElo "2475"]

1.d4 Nf6 2.Nf3 g6 3.c4 Bg7 4.g3 O-O 5.Bg2 d6 6.O-O Bf5 7.Nc3 Ne4 8.Nh4 Nxc3
9.bxc3 Bc8 10.Bg5 c6 11.Qd2 Nd7 12.Bh6 Qa5 13.Bxg7 Kxg7 14.f4 Qa6 15.f5 Qxc4
16.Qe3 Nf6 17.fxg6 hxg6 18.Qxe7 Qe6 19.Nxg6 Re8 20.Qxe6 Bxe6 21.Nh4 Nd5 22.Bxd5 cxd5
23.Nf5+ Bxf5 24.Rxf5 Rxe2 25.Raf1 Rf8 26.Rg5+ Kh6 27.Rxd5 Rxa2 28.Rxd6+ Kg7
29.Rd7 b5 30.Rb7 a6 31.Ra7 Kg6 32.Rf2 Ra3 33.d5 f6 34.Rd2 Rd8 35.d6 Kf5 36.d7 Ke6
37.Kg2 Ke7 38.h4 Rxc3 39.Re2+ Kf7 40.Re8 Rxd7 41.Rxd7+ Kxe8 42.Rd6 a5 43.Rxf6 b4
44.Ra6 Rc5 45.Rb6 Kd7 46.g4 Kc7 47.Rf6 b3  0-1

[Event "Groningen op"]
[Site "Groningen"]
[Date "1990.??.??"]
[Round "3"]
[White "Romanishin, Oleg M"]
[Black "Van Laatum, Gozewijn"]
[Result "1-0"]
[WhiteElo "2535"]
[BlackElo "2290"]

1.d4 Nf6 2.Nf3 g6 3.g3 Bg7 4.Bg2 O-O 5.c4 d6 6.O-O Nbd7 7.Qc2 e5 8.Rd1 Re8
9.dxe5 dxe5 10.e4 c6 11.h3 Qc7 12.Be3 Bf8 13.c5 b6 14.cxb6 axb6 15.Nc3 Ba6
16.a4 Bc5 17.Bg5 Qa7 18.Rab1 Rac8 19.b4 Bf8 20.Qa2 Bb7 21.Be3 h6 22.Nh4 Kg7
23.Bxh6+  1-0

[Event "Groningen op"]
[Site "Groningen"]
[Date "1990.??.??"]
[Round "3"]
[White "Kochyev, Alexander"]
[Black "Volke, Karsten"]
[Result "1/2-1/2"]
[WhiteElo "2510"]
[BlackElo "2400"]

1.Nf3 Nf6 2.d4 g6 3.c4 Bg7 4.g3 O-O 5.Bg2 d6 6.O-O Nbd7 7.Nc3 e5 8.e4 a6
9.Qc2 exd4 10.Nxd4 Nc5 11.Rd1 Re8 12.Nb3 Nxb3 13.axb3 Bg4 14.f3 Bd7 15.b4 c6
16.Kh1 Be6 17.b3 Qe7 18.Bb2  1/2-1/2

[Event "HUN-chop"]
[Site "Gyor"]
[Date "1990.??.??"]
[Round "6"]
[White "Romanishin, Oleg M"]
[Black "Shchekachev, Andrei"]
[Result "1-0"]
[WhiteElo "2335"]
[BlackElo "2265"]

1.d4 Nf6 2.Nf3 g6 3.g3 Bg7 4.Bg2 O-O 5.c4 d6 6.O-O Nbd7 7.Qc2 e5 8.Rd1 Qe7
9.Nc3 c6 10.b3 Re8 11.Ba3 e4 12.Ng5 e3 13.f4 Nf8 14.b4 Bf5 15.Qb3 h6 16.Nf3 Ng4
17.d5 Nf2 18.Nd4 Bd3 19.dxc6 Bxd4 20.Rxd3 Nxd3 21.Nd5 Qd8 22.cxb7 Rb8 23.Rd1 Nxf4
24.Nxf4 Qf6 25.Rf1 Qg5 26.c5 Re7 27.c6 Ne6 28.Nd5 Ree8 29.Bb2 Kg7 30.Nc7 Qe5
31.Nxe8+ Rxe8 32.Bxd4 Nxd4  1-0

[Event "HUN-chop"]
[Site "Gyor"]
[Date "1990.??.??"]
[Round "7"]
[White "Baburin, Alexander"]
[Black "Farago, Sandor"]
[Result "1-0"]
[WhiteElo "2475"]
[BlackElo "2315"]

1.d4 Nf6 2.c4 g6 3.Nf3 Bg7 4.g3 d6 5.Bg2 O-O 6.O-O Nbd7 7.Qc2 c6 8.Rd1 Re8
9.e4 e5 10.Nc3 exd4 11.Nxd4 Ne5 12.b3 Bg4 13.Rd2 a6 14.h3 c5 15.hxg4 cxd4
16.Rxd4 Nc6 17.Rd2 Nxg4 18.Bb2 Qa5 19.Nd5 Nb4 20.Nxb4 Bxb2 21.Qxb2 Qxb4 22.Rad1 Rad8
23.a3 Qb6 24.b4 a5 25.Rd5 axb4 26.axb4 h5 27.Qd2 Re5 28.Rd4 Rde8 29.Rxd6 Qa7
30.c5 Qa3 31.Rd3 Qa4 32.f3 Nf6 33.Rd6 Nh7 34.f4 R5e7 35.e5 Qa3 36.Kh2 Nf8
37.Rd8 g5 38.f5 Nh7 39.Qd6 Qxb4 40.Qxe7  1-0

[Event "HUN-chop"]
[Site "Gyor"]
[Date "1990.??.??"]
[Round "8"]
[White "Romanishin, Oleg M"]
[Black "Halasz, Tamas"]
[Result "1-0"]
[WhiteElo "2335"]
[BlackElo "2415"]

1.d4 Nf6 2.Nf3 g6 3.c4 Bg7 4.g3 O-O 5.Bg2 d6 6.O-O c5 7.b3 Nc6 8.Bb2 Ne4
9.Nbd2 Bf5 10.Nh4 Nxd2 11.Qxd2 Nxd4 12.Nxf5 Nxf5 13.Bxg7 Nxg7 14.Bxb7 Rb8
15.Bf3 Qc7 16.h4 h5 17.Rac1 Kh7 18.Rc3 Qd7 19.Rd3 Nf5 20.Bg2 Nd4 21.e3 Nc6
22.Bxc6 Qxc6 23.Rd5 Qc8 24.e4 f6 25.Kh2 f5 26.Qg5 Rb7 27.e5 Qe6 28.Qf4 dxe5
29.Rxe5 Qd6 30.Rfe1 Rf7 31.R1e2 Rc7 32.Rd2 Qb6 33.Qe3 f4 34.Qe4 fxg3+ 35.fxg3 Qf6
36.Rxh5+ Kg7 37.Rg5 Rc6 38.Re2 Rd6 39.Rxc5 Qf1 40.Qg2 Qa1 41.Rce5  1-0

[Event "Hastings Masters"]
[Site "Hastings"]
[Date "1990.??.??"]
[Round "?"]
[White "Levitt, Jonathan"]
[Black "Gallagher, Joseph G"]
[Result "0-1"]
[WhiteElo "2480"]
[BlackElo "2445"]

1.d4 Nf6 2.c4 g6 3.Nf3 Bg7 4.g3 O-O 5.Bg2 d6 6.O-O Nbd7 7.Nc3 e5 8.e4 exd4
9.Nxd4 Re8 10.h3 a6 11.Re1 Rb8 12.Bf4 Ne5 13.Qe2 c5 14.Nf3 Nxf3+ 15.Qxf3 Nh5
16.Bd2 Be6 17.Bf1 Nf6 18.Bf4 Nh5 19.Be3 Nf6 20.Qd1 Qb6 21.Qc2 Nd7 22.f4 f5
23.exf5 Bxf5 24.Qd2 Nf6 25.g4 Be6 26.b3 Rbd8 27.Bg2 Qa5 28.Rac1 b5 29.Bc6 b4
30.Nd5 Bxd5 31.Bxd5+ Nxd5 32.Qxd5+ Kh8 33.Rc2 Rxe3 34.Rxe3 Bd4 35.Qe6 Qc7
36.Re2 d5 37.cxd5 Qxf4 38.Kg2 Rf8 39.Qe4 Qf1+ 40.Kg3 Qg1+  0-1

[Event "FIN-ch"]
[Site "Helsinki"]
[Date "1990.??.??"]
[Round "3"]
[White "Kekki, Petri"]
[Black "Manninen, Marko"]
[Result "1/2-1/2"]
[WhiteElo "2280"]
[BlackElo "2215"]

1.d4 Nf6 2.c4 g6 3.g3 Bg7 4.Bg2 O-O 5.Nf3 d6 6.O-O Nc6 7.Nc3 Bf5 8.Ne1 e5
9.d5 Na5 10.e4 Bd7 11.b3 Ne8 12.Nd3 b6 13.Bb2 f5 14.f4 Nb7 15.Qe2 Nc5 16.Nxc5 bxc5
17.fxe5 Bxe5 18.exf5 Bxf5 19.Ne4 Qe7 20.Rae1 Bxe4 21.Qxe4 Rxf1+ 22.Bxf1 Nf6
23.Qh4 Rf8 24.Bxe5 dxe5 25.Bh3 Kg7 26.Qg5 e4 27.Be6 Qd6 28.Qe3 Qb6 29.g4 h6
30.g5 hxg5 31.Qxg5 Qd6 32.Re2 Nh7 33.Qg3 Qxg3+ 34.hxg3 Ng5 35.Bg4 Re8 36.Kf2 Rf8+
37.Ke1 Rh8 38.Kd2 Rh1 39.Re1 Rh2+ 40.Re2 Rh1 41.Re1 Rxe1 42.Kxe1 Kf6 43.Ke2 Ke5
44.Ke3 a5 45.Bd1 Nh7 46.g4 Nf6 47.Be2 Ne8 48.Bd1 Nf6  1/2-1/2

[Event "Helsinki"]
[Site "Helsinki"]
[Date "1990.??.??"]
[Round "7"]
[White "Vladimirov, Evgeny"]
[Black "Osterman, Georg"]
[Result "1-0"]
[WhiteElo "2565"]
[BlackElo "2305"]

1.d4 Nf6 2.c4 g6 3.g3 Bg7 4.Bg2 O-O 5.Nf3 d6 6.O-O c6 7.Nc3 Qa5 8.h3 Be6
9.d5 cxd5 10.Nd4 dxc4 11.Bxb7 Nbd7 12.Nxe6 fxe6 13.Bxa8 Rxa8 14.Qa4 Qxa4
15.Nxa4 Ne4 16.Be3 Nb6 17.Bxb6 axb6 18.Nxb6 Ra6 19.Nxc4 d5 20.Ne3 Bxb2 21.Rad1 Rxa2
22.Rd3 Bg7 23.Ng2 Rxe2 24.Nf4 Rd2 25.Rxd2 Nxd2 26.Rd1 Nf3+ 27.Kg2 Nd4 28.h4 Kf7
29.g4 Be5 30.Nd3 Bf6 31.Nb4 h6 32.g5 hxg5 33.hxg5 Bg7 34.Rc1 Be5 35.Nd3 Bd6
36.f4 Nf5 37.Kf2 Ng7 38.Ne5+ Bxe5 39.fxe5 Nf5 40.Rd1 Kg7 41.Rd3 Kg8 42.Ke2 Nh4
43.Kd2 Kf7 44.Kc3 Kg8 45.Kb4 Kg7 46.Kc5 Ng2 47.Rf3 Ne1 48.Re3 Ng2 49.Rb3 Nf4
50.Kc6 d4 51.Rf3 Ne2 52.Kd7 Nc1 53.Kxe6 d3 54.Kxe7 d2 55.Rf7+ Kg8 56.Rf8+ Kg7
57.Rd8 Nb3 58.e6 Kh7 59.Kf7  1-0

[Event "HUN-ch (Women)"]
[Site "?"]
[Date "1990.??.??"]
[Round "9"]
[White "Derera, Mihalyne"]
[Black "Ivanka Budinsky, Maria"]
[Result "0-1"]
[WhiteElo "2165"]
[BlackElo "2265"]

1.d4 Nf6 2.Nf3 g6 3.g3 Bg7 4.Bg2 O-O 5.c4 d6 6.O-O c6 7.Nc3 Qa5 8.Bd2 Qh5
9.e4 Bg4 10.Be3 Nbd7 11.Qe2 e5 12.h3 Bxh3 13.Bxh3 Qxh3 14.Ng5 Qg4 15.Qxg4 Nxg4
16.Nf3 Nxe3 17.fxe3 Bh6 18.Kf2 Nf6 19.Nh2 a6 20.Ke2 Bg7 21.Rad1 b5 22.cxb5 axb5
23.a3 Rfb8 24.g4 b4 25.axb4 Rxb4 26.Rd2 Rab8 27.Rb1 exd4 28.exd4 Bh6 29.Rc2 Bf4
30.Kf3 Bxh2 31.Rxh2 Rxd4 32.Re1 h5 33.gxh5 Nxh5 34.Ke3 Rdb4 35.Ree2 Ng3 36.Ref2 Nxe4
37.Nxe4 Re8 38.Rf6 Rbxe4+ 39.Kd3 Re3+ 40.Kd2 R8e6 41.Rf4 R3e4 42.Rf3 Kg7
43.Rfh3 f5 44.Rh7+ Kf6 45.Rc7 c5 46.Rd7 f4 47.Kd3 Rd4+ 48.Kc3 f3 49.Rhh7 Rf4  0-1

[Event "Katowice op"]
[Site "Katowice"]
[Date "1990.??.??"]
[Round "3"]
[White "Kalinitschew, Sergey"]
[Black "Bos Swiecik, Iwona"]
[Result "1-0"]
[WhiteElo "2465"]
[BlackElo "2165"]

1.d4 Nf6 2.Nf3 g6 3.c4 Bg7 4.g3 O-O 5.Bg2 d6 6.O-O Nc6 7.Nc3 a6 8.h3 Rb8
9.Be3 Nd7 10.Rc1 Na5 11.b3 b6 12.Qd2 c5 13.Bh6 Nc6 14.Bxg7 Kxg7 15.d5 Nce5
16.Nh2 f6 17.f4 Nf7 18.a4 Re8 19.Nf3 Nf8 20.e4 Bd7 21.e5 fxe5 22.fxe5 dxe5
23.Rce1 e6 24.Nxe5 Nxe5 25.Rxe5 exd5 26.Rxd5 Re7 27.Ne4 Ne6 28.Qc3+ Nd4 29.Rxd4 cxd4
30.Qxd4+ Kh6 31.Qe3+ Kg7 32.Qc3+ Kh6 33.Rf4 Rxe4 34.Bxe4 Qe7 35.Rh4+ Kg5
36.Qe3+  1-0

[Event "Katowice op"]
[Site "Katowice"]
[Date "1990.??.??"]
[Round "9"]
[White "Vaulin, Alexander"]
[Black "Kislov, Mikhail"]
[Result "1/2-1/2"]
[WhiteElo "2390"]
[BlackElo "2425"]

1.c4 Nf6 2.g3 g6 3.Bg2 Bg7 4.d4 d6 5.Nf3 O-O 6.O-O Nbd7 7.Nc3 e5 8.e4 Re8
9.h3 a5 10.Re1 c6 11.b3 a4 12.dxe5 dxe5 13.Nxa4 b5 14.cxb5 cxb5 15.Nc3 Qa5
16.Bd2 b4 17.Na4 Bb7 18.Qb1 Rad8 19.Nh2 Bf8 20.a3 Nb6 21.Nxb6 Qxb6 22.Be3 Bc5
23.axb4 Bxe3 24.Rxe3 Rd4 25.Nf1 Red8 26.Qc2 Rc8 27.Qe2 Rxb4 28.Nd2 Qd4 29.Rd1 Rc2
30.Rd3 Qb6 31.Qe1 Ba6 32.Nc4 Bxc4 33.Rd6 Qc5 34.bxc4 Kg7 35.Rc6 Qxc6 36.Qxb4 Rxc4
37.Qe7 Rc1 38.Rxc1 Qxc1+ 39.Kh2 Qb2 40.Qc5 Nd7 41.Qe3  1/2-1/2

[Event "Balkaniad"]
[Site "Kavala"]
[Date "1990.??.??"]
[Round "4"]
[White "Dizdarevic, Emir"]
[Black "Georgiev, Krum"]
[Result "1/2-1/2"]
[WhiteElo "2500"]
[BlackElo "2470"]

1.d4 Nf6 2.Nf3 g6 3.g3 Bg7 4.Bg2 O-O 5.c4 d6 6.Nc3 c6 7.O-O a6 8.e4 Nfd7
9.Bf4 c5 10.dxc5 Nxc5 11.e5 Ne6 12.Qd2 dxe5 13.Qxd8 Rxd8 14.Bxe5 Nc6 15.Bxg7 Nxg7
16.Rfd1 Be6  1/2-1/2